<?xml version="1.0" encoding="UTF-8"?>
<record
    xmlns:xsi="http://www.w3.org/2001/XMLSchema-instance"
    xsi:schemaLocation="http://www.loc.gov/MARC21/slim http://www.loc.gov/standards/marcxml/schema/MARC21slim.xsd"
    xmlns="http://www.loc.gov/MARC21/slim">

  <leader>02080nam a22002777a 4500</leader>
  <controlfield tag="003">OSt</controlfield>
  <controlfield tag="005">20260512153810.0</controlfield>
  <controlfield tag="008">251023b        |||||||| |||| 00| 0 eng d</controlfield>
  <datafield tag="022" ind1=" " ind2=" ">
    <subfield code="a">0007-6503</subfield>
  </datafield>
  <datafield tag="040" ind1=" " ind2=" ">
    <subfield code="a">English</subfield>
    <subfield code="c">tbs</subfield>
  </datafield>
  <datafield tag="041" ind1=" " ind2=" ">
    <subfield code="a">English</subfield>
  </datafield>
  <datafield tag="100" ind1=" " ind2=" ">
    <subfield code="a">Dahan, Nicolas M.</subfield>
    <subfield code="9">26430</subfield>
  </datafield>
  <datafield tag="245" ind1=" " ind2=" ">
    <subfield code="a">The Governance Challenges of Corporate Political Activity.</subfield>
    <subfield code="c">/ Nicolas M. Dahan, Michael Hadani and Douglas A. Schuler</subfield>
  </datafield>
  <datafield tag="260" ind1=" " ind2=" ">
    <subfield code="b">Business &amp; Society</subfield>
    <subfield code="c">2013</subfield>
  </datafield>
  <datafield tag="362" ind1=" " ind2=" ">
    <subfield code="a">Business &amp; Society. Sep2013, Vol. 52 Issue 3, p365-387. 23p.</subfield>
  </datafield>
  <datafield tag="520" ind1=" " ind2=" ">
    <subfield code="a">This article explains the rationale for study of the governance challenges of corporate political activity. The topic is important, especially in light of the U.S. Supreme Court's 2010 Citizens United decision, but understudied to date. The authors review the literature bearing on this topic. The authors separate consideration of the topic into macro-level and micro-level issues. The macro level concerns the societal perspective. At this level, key research questions concern whether corporate political activity be allowed, and how it should be regulated. The micro level covers managerial and shareholder control over corporate political activity. At this level, key research questions include concern whether the firm should practice political activity and how to regulate practice through professional self-regulation, ethical guidelines, and corporate governance systems control. The remainder of this article contains focused summaries of the articles selected for this Special Issue. Each article is introduced and evaluated against the key research questions at the macro or micro levels of analysis. </subfield>
  </datafield>
  <datafield tag="653" ind1=" " ind2=" ">
    <subfield code="a">Corporate political activity</subfield>
  </datafield>
  <datafield tag="653" ind1=" " ind2=" ">
    <subfield code="a">Corporate governance</subfield>
  </datafield>
  <datafield tag="653" ind1=" " ind2=" ">
    <subfield code="a">Stockholders</subfield>
  </datafield>
  <datafield tag="653" ind1=" " ind2=" ">
    <subfield code="a">Self regulation</subfield>
  </datafield>
  <datafield tag="653" ind1=" " ind2=" ">
    <subfield code="a">United States. Supreme Court</subfield>
  </datafield>
  <datafield tag="700" ind1=" " ind2=" ">
    <subfield code="a">Hadani, Michael</subfield>
    <subfield code="9">26431</subfield>
  </datafield>
  <datafield tag="700" ind1=" " ind2=" ">
    <subfield code="a">Schuler, Douglas A.</subfield>
    <subfield code="9">26432</subfield>
  </datafield>
  <datafield tag="856" ind1=" " ind2=" ">
    <subfield code="u">https://bibliotheque.tbs-education.fr/Default/doc/bth/90008240/the-governance-challenges-of-corporate-political-activity</subfield>
  </datafield>
  <datafield tag="942" ind1=" " ind2=" ">
    <subfield code="2">lcc</subfield>
  </datafield>
  <datafield tag="952" ind1=" " ind2=" ">
    <subfield code="0">0</subfield>
    <subfield code="1">0</subfield>
    <subfield code="2">lcc</subfield>
    <subfield code="4">0</subfield>
    <subfield code="7">0</subfield>
    <subfield code="a">TBS</subfield>
    <subfield code="b">TBS</subfield>
    <subfield code="d">2025-11-05</subfield>
    <subfield code="l">0</subfield>
    <subfield code="r">2025-11-05</subfield>
    <subfield code="u">https://bibliotheque.tbs-education.fr/Default/doc/bth/90008240/the-governance-challenges-of-corporate-political-activity</subfield>
    <subfield code="w">2025-11-05</subfield>
    <subfield code="y">ARTICLE</subfield>
  </datafield>
  <datafield tag="999" ind1=" " ind2=" ">
    <subfield code="c">5147</subfield>
    <subfield code="d">5147</subfield>
  </datafield>
</record>
